Normal view MARC view

Entry Nombre personal

Number of records used in: 1

001 - NÚMERO DE CONTROL

  • campo de control: 241564

003 - IDENTIFICADOR DE NÚMERO DE CONTROL

  • campo de control: SpMaBN

005 - FECHA Y HORA DE LA ÚLTIMA TRANSACCIÓN

  • campo de control: 20250804024709.0

008 - ELEMENTOS DE DATO DE LONGITUD-FIJA

  • campo de control de longitud fija: 901120nn aijnnaabn a aaa

016 ## - NÚMERO DE CONTROL DE UNA AGENCIA BIBLIOGRÁFICA NACIONAL

  • Número de control del registro: BNE19900292979

024 8# - IDENTIFICADOR DE OTROS ESTÁNDARES

  • Número estándar o código: https://www.museodelprado.es/coleccion/artista/wd/bdbc6cb7-ba0 9-418d-85d9-bb6795e8cf85

024 7# - IDENTIFICADOR DE OTROS ESTÁNDARES

  • Número estándar o código: http://viaf.org/viaf/67337020/
  • Fuente: viaf

024 7# - IDENTIFICADOR DE OTROS ESTÁNDARES

  • Número estándar o código: https://isni.org/isni/0000000117683352
  • Fuente: isni

024 7# - IDENTIFICADOR DE OTROS ESTÁNDARES

  • Número estándar o código: http://www.wikidata.org/entity/Q606129
  • Fuente: wikidata

040 ## - FUENTE DE CATALOGACIÓN

  • Centro catalogador/agencia de origen: SpMaBN
  • Lengua de catalogación: spa
  • Centro/agencia transcriptor: SpMaBN
  • Normas de descripción: rdc
  • Convención/Normas de encabezamiento de materia/tesauro: embne

046 ## - FECHAS CON CODIFICACIÓN ESPECIAL

  • Fecha de nacimiento: 1616
  • Fecha de la muerte: 1668

100 1# - ENCABEZAMIENTO-NOMBRE DE PERSONA

  • Nombre de persona: Castillo, Antonio del,
  • Fechas asociadas al nombre: 1616-1668

375 ## - GÉNERO/SEXO

  • Género: Masculino

377 ## - IDIOMA ASOCIADO

  • Código del idioma: spa
  • Término de lengua/lenguaje: Español

400 1# - TRAZADO DE VÉASE--NOMBRE DE PERSONA

  • Nombre de persona: Castillo, A. del,
  • Fechas asociadas al nombre: 1616-1668

400 1# - TRAZADO DE VÉASE--NOMBRE DE PERSONA

  • Nombre de persona: Castillo Saavedra, Antonio del,
  • Fechas asociadas al nombre: 1616-1668

670 ## - FUENTE DE DATOS ENCONTRADOS

  • Cita de la fuente: Antonio del Castillo y su época, 1986
  • Información encontrada: p. 24, etc. (bautizado en 1616... esta partida de bautismo corrige la de Ceán Bermúdez que había dado como fecha autentica la de 1603; m. el 2 de feb. de 1668)

670 ## - FUENTE DE DATOS ENCONTRADOS

  • Cita de la fuente: Benezit
  • Información encontrada: (Castillo, Antonio del)

670 ## - FUENTE DE DATOS ENCONTRADOS

  • Cita de la fuente: Dic. Larousse de la pintura
  • Información encontrada: (Castillo, Antonio del; pintor español; Córdoba, 1616-1668)

670 ## - FUENTE DE DATOS ENCONTRADOS

  • Cita de la fuente: Dic. enc. Espasa
  • Información encontrada: (Castillo y Saavedra, Antonio del; pintor español; n. en Córdoba y m. en Sevilla, 1603-1667)

670 ## - FUENTE DE DATOS ENCONTRADOS

  • Cita de la fuente: CDMARC names, 1993
  • Información encontrada: (Castillo, Antonio del, 1613?-1668; d. 2/2/1668)